Fundamentals of HVAC/R / (Record no. 23202)

MARC details
000 -LEADER
fixed length control field 01267cam a22003015a 4500
001 - CONTROL NUMBER
control field 15486017
005 - DATE AND TIME OF LATEST TRANSACTION
control field 20161120125503.0
008 - FIXED-LENGTH DATA ELEMENTS--GENERAL INFORMATION
fixed length control field 081016s2010 njua 001 0 eng
010 ## - LIBRARY OF CONGRESS CONTROL NUMBER
LC control number 2008043251
020 ## - INTERNATIONAL STANDARD BOOK NUMBER
International Standard Book Number 9780132223676
020 ## - INTERNATIONAL STANDARD BOOK NUMBER
International Standard Book Number 0132223678
040 ## - CATALOGING SOURCE
Original cataloging agency DLC
Language of cataloging eng
Transcribing agency DLC
Modifying agency DLC
-- EG-ScBUE
082 04 - DEWEY DECIMAL CLASSIFICATION NUMBER
Edition number 22
Classification number 697
Item number STA
100 1# - MAIN ENTRY--PERSONAL NAME
Personal name Stanfield, Carter.
9 (RLIN) 41674
245 10 - TITLE STATEMENT
Title Fundamentals of HVAC/R /
Statement of responsibility, etc Carter Stanfield, David Skaves.
260 ## - PUBLICATION, DISTRIBUTION, ETC. (IMPRINT)
Place of publication, distribution, etc Upper Saddle River, N.J. :
Name of publisher, distributor, etc Prentice Hall,
Date of publication, distribution, etc c2010.
300 ## - PHYSICAL DESCRIPTION
Extent xiii, 1554 p. :
Other physical details col. ill. ;
Dimensions 28 cm.
500 ## - GENERAL NOTE
General note Index : p. 1527-1554.
500 ## - GENERAL NOTE
General note Glossary : p. 1474-1526.
505 ## - FORMATTED CONTENTS NOTE
Formatted contents note Fundamentals -- HVAC/R science -- Tools and equipment --<br/>Refrigerants and refrigeration systems -- HVAC/R electrical systems and components -- Residential and light commercial systems -- System design, sizing, and layout --<br/>Commercial environmental systems -- Commercial refrigeration systems -- Installation, maintenance, and troubleshooting.
590 ## - LOCAL NOTE (RLIN)
Local note Wessam
650 #7 - SUBJECT ADDED ENTRY--TOPICAL TERM
Topical term or geographic name as entry element Air conditioning.
Source of heading or term BUEsh
9 (RLIN) 5822
650 #7 - SUBJECT ADDED ENTRY--TOPICAL TERM
Topical term or geographic name as entry element Refrigeration and refrigerating machinery.
Source of heading or term BUEsh
9 (RLIN) 5821
651 ## - SUBJECT ADDED ENTRY--GEOGRAPHIC NAME
Source of heading or term BUEsh
653 ## - INDEX TERM--UNCONTROLLED
Resource For college Engineering, General
Arrived date list November2016
700 1# - ADDED ENTRY--PERSONAL NAME
Personal name Skaves, David.
9 (RLIN) 41673
942 ## - ADDED ENTRY ELEMENTS (KOHA)
Source of classification or shelving scheme Dewey Decimal Classification
Edition 22
Call number prefix 697 STA
Holdings
Withdrawn status Item status Source of classification or shelving scheme Damaged status Not for loan Vendor Home library Current library Shelving location Date acquired Source of acquisition Cost, normal purchase price Serial Enumeration / chronology Total Checkouts Total Renewals Full call number Barcode Date last seen Date last borrowed Cost, replacement price Koha item type
    Dewey Decimal Classification     Baccah Central Library Central Library First floor 20/11/2016 Purchase 328.00 25843 1 12 697 STA 000034797 15/07/2025 08/01/2017 410.00 Book - Borrowing
    Dewey Decimal Classification     Baccah Central Library Central Library First floor 21/11/2016 Purchase 328.00 25843 3 23 697 STA 000034808 15/07/2025 03/10/2018 410.00 Book - Borrowing